Politische Rechnungs-Wissenschaft

Enregistré dans:
Détails bibliographiques
Format: Livre
Langue:allemand
Publié: München Fleischmann 1862
Tags: Ajouter un tag
Pas de tags, Soyez le premier à ajouter un tag!

MARC

LEADER 00000nam a2200000 4500
001 0307306
005 20250226090306.8
041 0 |a ger 
044 |a DE 
245 1 0 |a Politische Rechnungs-Wissenschaft  |c Albert Wild 
264 1 |a München  |b Fleischmann  |c 1862